000 00278nam a2200121Ia 4500
008 190216s9999||||xx |||||||||||||| ||und||
100 _aRonald Millar
245 4 _aThe Masters
260 _bMacmillan India Ltd
_c1991
300 _a137p
650 _aEnglish Drama
942 _cBK
999 _c13600
_d13600